International journal of management and innovation

Detalles Bibliográficos
Formato: Desconocido
Lenguaje:inglés
Publicado: Taipei City : Business Essay Consultancy Center
Acceso en línea:Acceso restringido

MARC

LEADER 00000ny a22000003n 4500
005 20110516102538.0
008 101020c199u9999ch un p 0 a0eng d
035 |a 5147 
040 |a BUS  |d vLex 
090 |c 1920  |d 1920 
245 3 0 |a International journal of management and innovation  |h [Recurso electrn̤ico] 
256 |a Servicio en ln̕ea 
260 |a Taipei City :  |b Business Essay Consultancy Center 
506 1 |a Contenido solo disponible en los productos indicados  |d vLex Global  |d vLex Global (Academic Edition, excluding Law Schools)  |d vLex Global (U.S. Academic Edition, excluding Law Schools) 
740 |a vLex Revista (Servicios en ln̕ea) 
843 |a Electrn̤ica. Abierta 
853 |8 1  |i (year)  |j (month)  |k (day) 
856 4 0 |z Acceso restringido  |u http://vlex.com/account/login_ip?fuente_id=5147 
942 |c REV 
999 0 |a Business and economics 
999 0 |a Management